[Event "Chigorin Memorial"]
[Site "St Petersburg RUS"]
[Date "2013.10.09"]
[Round "5.71"]
[White "Pashinsky, Mikhail"]
[Black "Martynyuk, Elizaveta"]
[Result "1-0"]
[WhiteElo "2273"]
[BlackElo "2032"]
[WhiteFideId "4152450"]
[BlackFideId "24128511"]
[EventDate "2013.10.05"]

1. Nf3 Nf6 2. c4 c6 3. g3 d5 4. b3 Bf5 5. Bg2 h6 6. O-O e6 7. Bb2 Be7 8. d3 O-O
9. Nbd2 Bh7 10. Rc1 a5 11. a3 Nbd7 12. Rc2 dxc4 13. bxc4 Nc5 14. Rc1 a4 15. Ne5
Nfd7 16. Nxd7 Qxd7 17. d4 Bf6 18. e3 Nd3 19. Rb1 Nxb2 20. Rxb2 e5 21. d5 e4 22.
Rb1 cxd5 23. Nxe4 Qe7 24. Qxd5 Rad8 25. Rxb7 Bxe4 26. Bxe4 Rxd5 27. Rxe7 Rc5 28.
Ra7 Rxc4 29. Bd5 Rc5 30. e4 Bb2 31. Rxa4 Rc3 32. Rb1 Bxa3 33. Rb7 Bc5 34. Rc4
Rxc4 35. Bxc4 g5 36. Kg2 Kg7 37. e5 Kg6 38. Bd3+ Kg7 39. Bc4 Kg6 40. f4 gxf4 41.
gxf4 h5 42. Kf3 h4 43. Kg4 Be3 44. f5+ Kh6 45. Bxf7 Ra8 46. Bg6 Ra4+ 47. Kf3 Kg5
48. Rh7 Rf4+ 49. Kxe3 h3 50. Rxh3 Ra4 51. Rh5+ Kg4 52. h3+ Kg3 53. Rg5+ Kh2 54.
e6 Ra3+ 55. Kf4 Rxh3 56. Rh5 Rxh5 57. Bxh5 Kg2 58. e7 1-0

[Event "Chigorin Memorial"]
[Site "St Petersburg RUS"]
[Date "2013.10.09"]
[Round "5.72"]
[White "Belov, Nikita"]
[Black "Komiagina, Maria"]
[Result "0-1"]
[BlackTitle "WIM"]
[WhiteElo "2108"]
[BlackElo "2272"]
[WhiteFideId "24167177"]
[BlackFideId "4153987"]
[EventDate "2013.10.05"]

1. c4 e5 2. Nc3 Nf6 3. Nf3 Nc6 4. g3 g6 5. Bg2 Bg7 6. O-O O-O 7. d3 d6 8. h3 Nd4
9. Nh4 Nh5 10. e3 Nc6 11. Kh2 f5 12. f4 Kh8 13. Nd5 Rb8 14. Rb1 exf4 15. exf4
Nd4 16. Re1 Be6 17. Be3 Bf7 18. Bf2 c6 19. g4 fxg4 20. hxg4 Bxd5 21. gxh5 Rxf4
22. cxd5 Rxh4+ 23. Kg1 Rxh5 24. dxc6 bxc6 25. Qa4 c5 26. Qxa7 Be5 27. b4 Rg5 28.
Be3 Nf3+ 29. Kf1 Rxg2 30. Kxg2 Nh4+ 31. Kf2 Qf6+ 32. Ke2 Qf3+ 33. Kd2 Ra8 34.
Qd7 Ng2 0-1

[Event "Chigorin Memorial"]
[Site "St Petersburg RUS"]
[Date "2013.10.09"]
[Round "5.73"]
[White "Khanin, Semen"]
[Black "Klukin, Kirill"]
[Result "1-0"]
[WhiteElo "2270"]
[BlackElo "2024"]
[WhiteFideId "4111990"]
[BlackFideId "24199273"]
[EventDate "2013.10.05"]

1. e4 c5 2. Nf3 Nc6 3. Bb5 d6 4. O-O Bg4 5. h3 Bh5 6. c3 a6 7. Bxc6+ bxc6 8. e5
e6 9. exd6 Bxd6 10. Na3 Nf6 11. d3 O-O 12. Nc4 Bc7 13. Bg5 Qd5 14. Ne3 Qd6 15.
g3 Nd5 16. Nc4 Qd7 17. Nfe5 Bxe5 18. Qxh5 Bc7 19. Qe2 f6 20. Be3 Bd6 21. f4 Rfe8
22. Kh2 e5 23. f5 e4 24. Bg1 exd3 25. Qxd3 Bf8 26. Rae1 Qc7 27. Re4 Red8 28. Qe2
Nb6 29. Re1 Nxc4 30. Qxc4+ Rd5 31. R1e2 Bd6 32. Bf2 Qf7 33. Kg2 Rxf5 34. Re8+
Rxe8 35. Rxe8+ Bf8 36. Qxf7+ Kxf7 37. Ra8 c4 38. Rxa6 Rb5 39. Rxc6 Rxb2 40. a4
Ra2 41. Rxc4 Ke6 42. Kf3 f5 43. Bb6 g5 44. Rc6+ Kd7 45. Rf6 Be7 46. Rxf5 Rxa4
47. Rf7 Rc4 48. Bd4 h6 49. Rh7 Rc6 50. Bg7 Ke8 51. Kg4 Rc4+ 52. Kf5 Rc5+ 53. Ke4
Bd6 54. g4 Bf4 55. Rxh6 Kf7 56. Bd4 Rc8 57. Kf5 Rc4 58. h4 Bd2 59. hxg5 Bxc3 60.
g6+ 1-0

[Event "Chigorin Memorial"]
[Site "St Petersburg RUS"]
[Date "2013.10.09"]
[Round "5.74"]
[White "Korchagina, Viktoria"]
[Black "Palchun, Grigory"]
[Result "1/2-1/2"]
[WhiteTitle "WFM"]
[WhiteElo "2079"]
[BlackElo "2263"]
[WhiteFideId "4197224"]
[BlackFideId "24147338"]
[EventDate "2013.10.05"]

1. e4 c5 2. Nf3 Nc6 3. d4 cxd4 4. Nxd4 Nf6 5. Nc3 d6 6. Bc4 Qb6 7. Nb3 e6 8. Qe2
Be7 9. Be3 Qc7 10. O-O-O a6 11. g4 Ne5 12. Bd3 Nfxg4 13. Bd4 Nxd3+ 14. Rxd3 Ne5
15. Rg3 Bf6 16. f4 Ng6 17. Bxf6 gxf6 18. f5 Ne5 19. Rhg1 Bd7 20. fxe6 Bxe6 21.
Rg8+ Kd7 22. Rxa8 Rxa8 23. Nd4 Qb6 24. Rd1 Bg4 25. Nd5 Qd8 26. Qf2 Bxd1 27. Qf5+
Ke8 28. Nxf6+ Kf8 29. Kxd1 Ng6 30. Qg5 Kg7 31. Nf5+ Kh8 32. h4 Rc8 33. h5 d5 34.
exd5 Qc7 35. c3 Qc4 36. hxg6 Qf1+ 37. Kc2 Qf2+ 38. Kc1 Qe1+ 39. Kc2 Qf2+ 40. Kc1
Qe1+ 1/2-1/2

[Event "Chigorin Memorial"]
[Site "St Petersburg RUS"]
[Date "2013.10.09"]
[Round "5.75"]
[White "Zhilchikov, Nikolai"]
[Black "Suleymanyants, Odisey"]
[Result "1/2-1/2"]
[BlackTitle "FM"]
[WhiteElo "2074"]
[BlackElo "2262"]
[WhiteFideId "4137264"]
[BlackFideId "24149357"]
[EventDate "2013.10.05"]

1. d4 Nf6 2. Nf3 e6 3. c3 c5 4. Bg5 Nc6 5. e3 h6 6. Bh4 cxd4 7. exd4 d5 8. Nbd2
Qb6 9. Rb1 Bd7 10. Bd3 Rc8 11. O-O Bd6 12. Re1 Na5 13. Ne5 Bb5 14. Bc2 Bxe5 15.
Rxe5 Nc4 16. Nxc4 Bxc4 17. b3 Ba6 18. Qf3 Qc6 19. Bxf6 Qxc3 20. Qxc3 Rxc3 21.
Bxg7 Rg8 22. Bxh6 Rxc2 23. a4 Rg4 24. Be3 Bd3 25. h3 Rg6 26. Rc1 f6 27. Rh5
Rxc1+ 28. Bxc1 Be4 29. Rh8+ Kd7 30. g3 Bc2 31. Rb8 Kc7 32. Ra8 Bxb3 33. Rxa7 e5
34. Be3 e4 35. Bf4+ Kb6 36. Ra8 f5 37. a5+ Kb5 38. Ra7 Rg7 39. Be5 Rf7 40. Bf4
Bd1 41. a6 Kb6 42. axb7 Rxb7 1/2-1/2

[Event "Chigorin Memorial"]
[Site "St Petersburg RUS"]
[Date "2013.10.09"]
[Round "5.76"]
[White "Gorlanov, Vladislav"]
[Black "Solak, Rade"]
[Result "1-0"]
[WhiteElo "2249"]
[BlackElo "1977"]
[WhiteFideId "24121223"]
[BlackFideId "923591"]
[EventDate "2013.10.05"]

1. d4 e6 2. e4 d5 3. Nc3 Bb4 4. exd5 exd5 5. Qf3 Nc6 6. Be3 Nf6 7. Bd3 Qe7 8.
Kf1 Be6 9. h3 a6 10. Nge2 O-O-O 11. Na4 Kb8 12. c3 Bd6 13. b4 Bd7 14. Nc5 Bxc5
15. bxc5 Ne4 16. Rb1 Ka7 17. Nf4 Bf5 18. Qd1 Nxc3 19. Rxb7+ Kxb7 20. Qb3+ Ka7
21. Bxf5 Ne4 22. Nxd5 Nxd4 23. Nxe7 Nd2+ 24. Bxd2 Nxb3 25. Nc6+ Ka8 26. Nxd8
Nxd2+ 27. Ke2 Rxd8 28. Bd3 Rd5 29. Rc1 1-0

[Event "Chigorin Memorial"]
[Site "St Petersburg RUS"]
[Date "2013.10.09"]
[Round "5.77"]
[White "Aseev, Vladimir"]
[Black "Vunder, Andrey"]
[Result "1/2-1/2"]
[WhiteElo "2064"]
[BlackElo "2245"]
[WhiteFideId "24121371"]
[BlackFideId "4128338"]
[EventDate "2013.10.05"]

1. d4 d5 2. c4 e6 3. Nc3 Nf6 4. Bg5 c5 5. cxd5 cxd4 6. Qxd4 Be7 7. Nf3 exd5 8.
e3 O-O 9. Be2 Nc6 10. Qa4 Be6 11. O-O h6 12. Bh4 a6 13. Nd4 Qb6 14. Qb3 Qxb3 15.
Nxb3 Rac8 16. Rac1 Rfd8 17. Rfd1 g5 18. Bg3 Ne4 19. f3 Nxg3 20. hxg3 d4 21. Nxd4
Nxd4 22. Rxd4 Rxd4 23. exd4 Rd8 24. d5 Bxd5 25. Nxd5 Rxd5 26. Rd1 Rxd1+ 27. Bxd1
Bf6 28. b3 Kf8 29. f4 Ke7 30. Kf2 Kf8 31. Kg1 Ke7 32. Kf2 Kf8 33. Kg1 Ke7 34.
Kf2 Kf8 1/2-1/2

[Event "Chigorin Memorial"]
[Site "St Petersburg RUS"]
[Date "2013.10.09"]
[Round "5.79"]
[White "Grinblat, Artemiy"]
[Black "Balaian, Alina"]
[Result "1/2-1/2"]
[BlackTitle "WIM"]
[WhiteElo "2058"]
[BlackElo "2218"]
[WhiteFideId "14135272"]
[BlackFideId "24115347"]
[EventDate "2013.10.05"]

1. e4 e6 2. d4 d5 3. e5 c5 4. c3 Qb6 5. Nf3 Nc6 6. Be2 cxd4 7. cxd4 Nh6 8. Nc3
Nf5 9. Na4 Qa5+ 10. Nc3 Qb6 11. Na4 Qa5+ 12. Nc3 Qb6 13. Na4 1/2-1/2

[Event "Chigorin Memorial"]
[Site "St Petersburg RUS"]
[Date "2013.10.09"]
[Round "5.80"]
[White "Grigoriev, Maxim G."]
[Black "Scheglov, Dmitry"]
[Result "1-0"]
[WhiteElo "2211"]
[BlackElo "1770"]
[WhiteFideId "24120774"]
[BlackFideId "34145750"]
[EventDate "2013.10.05"]

1. d4 Nf6 2. c4 c5 3. e3 g6 4. Nc3 Bg7 5. Nf3 O-O 6. Be2 cxd4 7. exd4 d6 8. O-O
Nbd7 9. h3 b6 10. Re1 Bb7 11. Be3 Re8 12. Rc1 e5 13. Nb5 Nf8 14. dxe5 dxe5 15.
Nd6 Re7 16. Nxb7 Rxb7 17. Qxd8 Rxd8 18. Nxe5 Re8 19. Nd3 Ne6 20. Bf3 Rc7 21. b3
Kf8 22. Red1 Nd7 23. Nb4 Ndc5 24. Nd5 Rd7 25. b4 Nb7 26. c5 bxc5 27. bxc5 Red8
28. c6 Nd6 29. c7 Rc8 30. Bxa7 Nb5 31. Bc5+ Nxc5 32. Rxc5 Nd6 33. Nb6 Be5 34.
Nxd7+ Ke7 35. Nxe5 f6 36. Nc6+ Kd7 37. Nb8+ Ke7 38. Nc6+ Kd7 39. Rcd5 Kxc6 40.
Rxd6+ Kxc7 41. Rc6+ Kb7 42. Rd7+ 1-0

[Event "Chigorin Memorial"]
[Site "St Petersburg RUS"]
[Date "2013.10.09"]
[Round "5.81"]
[White "Kharchenko, Daniil"]
[Black "Sukhareva, Evgeniya"]
[Result "1/2-1/2"]
[WhiteElo "2023"]
[BlackElo "2210"]
[WhiteFideId "24101664"]
[BlackFideId "4167155"]
[EventDate "2013.10.05"]

1. e4 c5 2. Nf3 d6 3. d4 cxd4 4. Qxd4 Nc6 5. Bb5 a6 6. Bxc6+ bxc6 7. c4 e5 8.
Qd3 h6 9. O-O Qc7 10. c5 dxc5 11. Qc3 Bd6 12. Be3 Nf6 13. Nbd2 Nd5 14. Qa3 Nxe3
15. Qxe3 Be6 16. Rfc1 O-O 17. Nc4 Rab8 18. b3 Rb5 19. Rc3 f6 20. Nfd2 Be7 21.
Nb2 Rd8 22. Rac1 Rd4 23. Qe2 Qa5 24. Na4 Rb8 25. h3 Qb5 26. Qe3 Rbd8 27. Nc4 Rb8
28. Qe1 Bf7 29. R3c2 Qb4 30. Qe2 Bd8 31. f3 Be7 32. Ncb2 Qb5 33. Nc4 Be6 34. Qe1
Qb4 35. Qe2 Kf7 36. Rc3 Qb5 37. Qc2 Rbd8 38. Nab2 Kg8 39. Qf2 Bf7 40. Qc2 Be6
41. Kh2 Qb8 42. Kg1 Qb7 43. Qe2 Qb8 44. R1c2 Bf8 45. Rc1 Qb7 46. R1c2 Qb8 47.
Rc1 Qb7 1/2-1/2

[Event "Chigorin Memorial"]
[Site "St Petersburg RUS"]
[Date "2013.10.09"]
[Round "5.82"]
[White "Doronkin, Grigory"]
[Black "Rjanova, Valery"]
[Result "1/2-1/2"]
[BlackTitle "WFM"]
[WhiteElo "1981"]
[BlackElo "2192"]
[WhiteFideId "24164305"]
[BlackFideId "24129119"]
[EventDate "2013.10.05"]

1. d4 Nf6 2. c4 e6 3. g3 c5 4. d5 exd5 5. cxd5 d6 6. Nc3 g6 7. Bg2 Bg7 8. Nf3
O-O 9. O-O a6 10. a4 Nbd7 11. Bf4 Qc7 12. h3 Rb8 13. Rc1 Re8 14. Re1 Nh5 15. Bg5
h6 16. Bd2 b5 17. axb5 axb5 18. g4 Nhf6 19. b4 Qb6 20. Rb1 Ne4 21. Nxe4 Rxe4 22.
Qc2 Rc4 23. Qd3 cxb4 24. Rxb4 Qc5 25. Reb1 Ba6 26. Be3 Qc7 27. Bd4 Rxb4 28. Rxb4
Qc1+ 29. Bf1 Nc5 30. Qb1 Qxb1 31. Rxb1 b4 32. e3 Bxf1 33. Kxf1 Ne4 34. Rb2 Nc3
35. Bxc3 Bxc3 36. Rb1 Rb5 37. e4 f5 38. gxf5 gxf5 39. Nh4 fxe4 40. Nf5 Be5 41.
Nxh6+ Kg7 42. Ng4 Bd4 43. Ke2 b3 44. f3 exf3+ 45. Kxf3 Kg6 46. Ke4 Rb4 47. Kd3
Kf5 48. Rf1+ Kg5 49. Nh2 Bh8 50. Nf3+ Kh5 51. Rb1 Rb5 52. Ne1 b2 53. Kc2 Rc5+
54. Kb3 Rxd5 55. Kc2 Rc5+ 56. Kd1 Rg5 57. Nd3 Rg1+ 58. Kc2 Rg2+ 59. Kb3 Rg3 60.
Kc2 Kg5 61. Nxb2 Rxh3 62. Nd3 Rh2+ 63. Kb3 Kf5 64. Nb4 Rd2 65. Rh1 Be5 66. Rh3
Ke4 67. Rh4+ Ke3 68. Rh3+ Ke4 69. Rh4+ Bf4 70. Kc3 Rd1 71. Kc2 Rc1+ 72. Kb2 Rc8
73. Kb3 Kf3 74. Nd5 Be5 75. Rc4 Rb8+ 76. Rb4 Rxb4+ 1/2-1/2

[Event "Chigorin Memorial"]
[Site "St Petersburg RUS"]
[Date "2013.10.09"]
[Round "5.83"]
[White "Dushin, Nikolay"]
[Black "Drozdova, Dina"]
[Result "0-1"]
[BlackTitle "WIM"]
[WhiteElo "2006"]
[BlackElo "2291"]
[WhiteFideId "4114612"]
[BlackFideId "4170695"]
[EventDate "2013.10.05"]

1. d4 e6 2. Nf3 Nf6 3. c4 Bb4+ 4. Bd2 Qe7 5. Qc2 Bxd2+ 6. Nbxd2 d6 7. e3 e5 8.
Bd3 Bg4 9. e4 Nh5 10. g3 O-O 11. Qc3 Nd7 12. h3 Bxf3 13. Nxf3 exd4 14. Qxd4 Ne5
15. Nd2 Nc6 16. Qe3 f5 17. O-O-O f4 18. Qe2 g6 19. g4 Ng7 20. Nf3 Ne5 21. Bc2
Ne6 22. Kb1 Rad8 23. Rd2 c5 24. Nxe5 dxe5 25. Rxd8 Rxd8 26. h4 Nd4 27. Qf1 Nf3
28. Qh3 Nd4 29. g5 Qe6 30. Qc3 b6 31. Bd1 Rf8 32. h5 f3 33. b4 gxh5 34. Rxh5 Qg4
35. Rh1 Qg2 36. Qe1 Qg4 37. Rg1 Qe6 38. Bb3 Rf4 39. bxc5 bxc5 40. Kb2 Qb6 41.
Qe3 Qg6 42. Re1 Qxg5 43. Ba4 Rg4 44. Qc3 Rg2 45. Qa5 Rxf2+ 46. Ka3 Rd2 47. Qxc5
Rd3+ 48. Bb3 Nc2+ 49. Ka4 Nxe1 50. Qc8+ Rd8 51. c5+ Kh8 52. Qe6 Nd3 53. Kb5 f2
54. Qf7 Qg7 55. Qf3 Qb7+ 56. Kc4 Qb4# 0-1

[Event "Chigorin Memorial"]
[Site "St Petersburg RUS"]
[Date "2013.10.09"]
[Round "5.84"]
[White "Utkin, Vladimir"]
[Black "Gvanceladze, Anna"]
[Result "0-1"]
[BlackTitle "WFM"]
[WhiteElo "2025"]
[BlackElo "2219"]
[WhiteFideId "24112160"]
[BlackFideId "4113721"]
[EventDate "2013.10.05"]

1. Nf3 d5 2. d4 Nf6 3. c4 c6 4. Nc3 dxc4 5. a4 Bf5 6. e3 e6 7. Bxc4 Bb4 8. O-O
O-O 9. Qe2 Bg6 10. Rd1 Nbd7 11. Bd2 Qe7 12. Be1 Rfe8 13. Ne5 Bh5 14. f3 Nxe5 15.
dxe5 Nd7 16. Bh4 Qxh4 17. Rxd7 Bc5 18. Kh1 b6 19. Bd3 Re7 20. Rxe7 Qxe7 21. Ne4
Rd8 22. Rd1 Rd5 23. Nxc5 Rxc5 24. Be4 Bg6 25. Bxg6 hxg6 26. f4 Rd5 27. e4 Rd7
28. h3 Qd8 29. Rxd7 Qxd7 30. Qc4 Kh7 31. b3 c5 32. Qe2 Qd4 33. Qe1 Kg8 34. Qh4
Qd7 35. Qg5 a6 36. Kh2 b5 37. axb5 axb5 38. Qg3 c4 39. bxc4 bxc4 40. Qc3 Qd3 41.
Qa5 c3 0-1

[Event "Chigorin Memorial"]
[Site "St Petersburg RUS"]
[Date "2013.10.09"]
[Round "5.85"]
[White "Belenkaya, Dina"]
[Black "Kantyshev, Nikita"]
[Result "1-0"]
[WhiteTitle "WFM"]
[WhiteElo "2203"]
[BlackElo "1979"]
[WhiteFideId "24142654"]
[BlackFideId "4186737"]
[EventDate "2013.10.05"]

1. e4 e5 2. Nf3 Nc6 3. Bb5 Nge7 4. Nc3 g6 5. d4 exd4 6. Nd5 Nxd5 7. exd5 Qe7+ 8.
Kf1 Ne5 9. Qxd4 Bg7 10. Bf4 f6 11. Re1 O-O 12. Nxe5 fxe5 13. Bxe5 Bxe5 14. Rxe5
Qf6 15. d6 Qxd6 16. Bc4+ Kh8 17. Qc3 Rf6 18. g3 h5 19. Re8+ Kg7 20. Rg8+ Kh6 21.
Qe3+ Rf4 22. Bd3 1-0

[Event "Chigorin Memorial"]
[Site "St Petersburg RUS"]
[Date "2013.10.09"]
[Round "5.86"]
[White "Emdin, Mark"]
[Black "Fedoseeva, Valentina"]
[Result "1/2-1/2"]
[WhiteElo "2177"]
[BlackElo "1950"]
[WhiteFideId "4100050"]
[BlackFideId "4169875"]
[EventDate "2013.10.05"]

1. e4 e5 2. Nf3 Nc6 3. Bc4 d6 4. O-O Be7 5. c3 Nf6 6. d3 O-O 7. Bb3 Be6 8. Re1
Bg4 9. h3 Bh5 10. Nbd2 Re8 11. Nf1 Bg6 12. Ng3 Nd7 13. Nh2 Nc5 14. Bc2 d5 15.
Qf3 d4 16. Ng4 Bg5 17. Nf5 Ne6 18. Ba4 h5 19. Nh2 Bf4 20. Bxf4 Nxf4 21. Rad1 Re6
22. Nf1 a6 23. Bxc6 Rxc6 24. Nxd4 Nxh3+ 25. Qxh3 exd4 26. c4 Qg5 27. Nd2 Re8 28.
Nf3 Qd8 29. Qh4 Qd7 30. Qg3 Rce6 31. Ng5 R6e7 32. f4 f6 33. Nf3 Bf7 34. f5 Qa4
35. a3 b5 36. cxb5 Qxb5 37. Rd2 c5 38. Nh4 c4 39. Ng6 Bxg6 40. fxg6 cxd3 41.
Rxd3 Qxb2 42. Qd6 Re5 43. Rxd4 Rg5 44. Rd2 Qb5 45. e5 Rxg6 46. e6 f5 47. Rde2
Qb7 48. Qd2 Qb6+ 49. Kh1 1/2-1/2

[Event "Chigorin Memorial"]
[Site "St Petersburg RUS"]
[Date "2013.10.09"]
[Round "5.87"]
[White "Kopasov, Evgeny"]
[Black "Grigoryeva, Olga A."]
[Result "1/2-1/2"]
[BlackTitle "WFM"]
[WhiteElo "1975"]
[BlackElo "2166"]
[WhiteFideId "4181239"]
[BlackFideId "24132594"]
[EventDate "2013.10.05"]

1. d4 d5 2. c4 Nc6 3. Nc3 dxc4 4. Nf3 Bg4 5. d5 Bxf3 6. exf3 Ne5 7. Bf4 Nd3+ 8.
Bxd3 cxd3 9. Nb5 Rc8 10. Nxa7 Ra8 11. Qa4+ Qd7 12. Qxd7+ Kxd7 13. Nb5 c6 14.
dxc6+ bxc6 15. Nc3 e5 16. Be3 Kc7 17. O-O-O Bb4 18. Kb1 Bxc3 19. bxc3 Rd8 20.
Rd2 Nf6 21. Kc1 Rd7 22. Rhd1 Rhd8 23. Rb2 Ra8 24. Kd2 Nd5 25. c4 Nxe3 26. fxe3
f5 27. e4 fxe4 28. fxe4 Rd4 29. Rf1 Rxc4 30. Rf7+ Kd6 31. Kxd3 Rd4+ 32. Ke3 Ra3+
33. Kf2 Rxe4 34. Rxg7 h5 35. Rc2 c5 36. Rg8 c4 37. Rd8+ Kc7 38. Rd5 Kc6 39. Rd8
Rf4+ 40. Ke2 Rd4 41. Rxd4 exd4 42. Rxc4+ Kd5 43. Rc8 Rxa2+ 44. Kd3 Rxg2 45. Rd8+
Ke5 46. Rxd4 Rxh2 47. Rd8 Kf4 48. Rf8+ Kg3 49. Ke3 Rg2 50. Rg8+ Kh3 51. Rh8 h4
52. Kf3 Rg6 53. Kf2 Rg4 54. Kf3 Ra4 55. Kf2 Kh2 56. Rh7 h3 57. Rh8 Rf4+ 58. Ke3
Rf7 59. Ke2 Kg2 60. Rg8+ Kh1 61. Rh8 h2 62. Rg8 Rf4 63. Rg7 Ra4 64. Kf2 Ra2+ 65.
Kf1 Ra1+ 66. Kf2 Rg1 67. Ra7 Rg2+ 68. Kf3 Rg5 69. Ra1+ Rg1 70. Ra2 Rb1 71. Kf2
Rc1 72. Rb2 1/2-1/2

[Event "Chigorin Memorial"]
[Site "St Petersburg RUS"]
[Date "2013.10.09"]
[Round "5.88"]
[White "Loginov, Anton"]
[Black "Sedykh, Egor"]
[Result "1-0"]
[WhiteElo "2156"]
[BlackElo "1899"]
[WhiteFideId "4125134"]
[BlackFideId "24176320"]
[EventDate "2013.10.05"]

1. e4 c5 2. Nf3 d6 3. d4 cxd4 4. Nxd4 Nf6 5. Nc3 g6 6. f4 a6 7. Be3 Bg7 8. Qd2
O-O 9. O-O-O b5 10. a3 Bb7 11. Bd3 Nbd7 12. Nb3 Rc8 13. h3 a5 14. Nxb5 a4 15.
Na5 Bxe4 16. Bxe4 Nxe4 17. Qb4 Nec5 18. Kb1 Qb6 19. Nd4 Qa6 20. Qb5 Qxb5 21.
Nxb5 Ne6 22. b4 Nf6 23. c4 Ne4 24. Kc2 Ng3 25. Rhe1 Nf5 26. Bg1 h5 27. g4 hxg4
28. hxg4 Nh6 29. Na7 Rce8 30. N7c6 Nxg4 31. b5 Nc5 32. Nxe7+ Rxe7 33. Rxe7 Bf6
34. Re2 Bd8 35. Nc6 Bc7 36. Ne7+ Kg7 37. Bd4+ f6 38. Nd5 Bd8 39. Bxc5 dxc5 40.
Re6 f5 41. b6 Rf7 42. Rb1 1-0

[Event "Chigorin Memorial"]
[Site "St Petersburg RUS"]
[Date "2013.10.09"]
[Round "5.89"]
[White "Ustinov, Alexey"]
[Black "Shpakovsky, Kirill"]
[Result "1-0"]
[WhiteElo "2125"]
[BlackElo "1891"]
[WhiteFideId "24126209"]
[BlackFideId "4168852"]
[EventDate "2013.10.05"]

1. d4 Nf6 2. c4 g6 3. f3 Bg7 4. e4 d6 5. Be3 O-O 6. Nc3 Nbd7 7. Qd2 c5 8. d5 Re8
9. g4 Nf8 10. O-O-O a6 11. h4 h5 12. gxh5 Nxh5 13. Nge2 Nd7 14. Nf4 Ndf6 15.
Nxh5 Nxh5 16. Ne2 Kh8 17. Nf4 Rg8 18. Nxh5 gxh5 19. Rg1 Qe8 20. Bd3 Bd7 21. Rg2
Be5 22. Rdg1 Rxg2 23. Qxg2 Qg8 24. Qf2 Qh7 25. f4 Bf6 26. Bc2 Bg7 27. Rg5 Bg4
28. e5 Qg8 29. Qg2 f6 30. Rg6 Qe8 31. f5 dxe5 32. Bh6 Bxh6+ 33. Rxh6+ Kg7 34.
Rg6+ Kh7 35. d6 exd6 36. Qxb7+ 1-0

[Event "Chigorin Memorial"]
[Site "St Petersburg RUS"]
[Date "2013.10.09"]
[Round "5.90"]
[White "Shagdurov, Denis"]
[Black "Khadzhiev, Valery"]
[Result "0-1"]
[WhiteElo "1967"]
[BlackElo "2107"]
[WhiteFideId "24136735"]
[BlackFideId "34154601"]
[EventDate "2013.10.05"]

1. e4 e6 2. d4 d5 3. Nc3 Bb4 4. Ne2 dxe4 5. a3 Bxc3+ 6. Nxc3 f5 7. Be3 Nf6 8. f3
exf3 9. gxf3 Nd5 10. Nxd5 exd5 11. Qd2 Qh4+ 12. Bf2 Qe7+ 13. Be2 Be6 14. O-O-O
Nd7 15. Bg3 Nf6 16. Bb5+ c6 17. Bd3 O-O 18. Rde1 Qf7 19. Rhg1 Nd7 20. Bf4 Kh8
21. h4 Rfe8 22. Rg5 h6 23. Rg6 Qxg6 0-1

[Event "Chigorin Memorial"]
[Site "St Petersburg RUS"]
[Date "2013.10.09"]
[Round "5.91"]
[White "Jourde, Michel"]
[Black "Bykova, Anastasia"]
[Result "0-1"]
[WhiteElo "1849"]
[BlackElo "2083"]
[WhiteFideId "644994"]
[BlackFideId "4164970"]
[EventDate "2013.10.05"]

1. e4 e6 2. d4 d5 3. e5 c5 4. c3 Nc6 5. Nf3 Qb6 6. Bd3 Bd7 7. dxc5 Bxc5 8. O-O
a5 9. Nbd2 a4 10. b4 axb3 11. Nxb3 Ba3 12. Be3 Qc7 13. Nc5 Bc8 14. Na4 Qa5 15.
Nb6 Rb8 16. Qb3 Nge7 17. Bb5 Nf5 18. Nxc8 Rxc8 19. Ba4 Nxe3 20. fxe3 Bc5 21. Nd4
O-O 22. Rab1 Nxe5 23. Bb5 Bd6 24. Rbc1 Ng4 25. Nxe6 fxe6 26. Bd7 Nxe3 27. Bxe6+
Kh8 28. Bxc8 Nxf1 29. Rxf1 Qc5+ 0-1

[Event "Chigorin Memorial"]
[Site "St Petersburg RUS"]
[Date "2013.10.09"]
[Round "5.93"]
[White "Ivanov, Sergei V."]
[Black "Mokshanov, Igor"]
[Result "1-0"]
[WhiteElo "2053"]
[BlackElo "1888"]
[WhiteFideId "24170003"]
[BlackFideId "24121665"]
[EventDate "2013.10.05"]

1. e4 e6 2. d4 d5 3. Nd2 Nf6 4. e5 Nfd7 5. Bd3 c5 6. c3 Nc6 7. Ne2 cxd4 8. cxd4
Qb6 9. Nf3 Be7 10. O-O O-O 11. a3 f6 12. exf6 Bxf6 13. Re1 e5 14. dxe5 Ndxe5 15.
Nxe5 Bxe5 16. Be3 Qxb2 17. Rb1 Qxa3 18. Qc2 h6 19. Bc5 Qa5 20. Bh7+ Kh8 21. Bxf8
Bg4 22. Bc5 b6 23. Be3 Nb4 24. Qg6 Bxe2 25. Rxe2 Qa6 26. Ree1 Bc3 27. Red1 Rf8
28. Rbc1 Qe2 29. Rf1 d4 30. Bxh6 gxh6 31. Qxh6 Qe7 32. Bc2+ Kg8 33. Bb3+ Rf7 34.
Rfe1 Qd7 35. Re5 1-0

[Event "Chigorin Memorial"]
[Site "St Petersburg RUS"]
[Date "2013.10.09"]
[Round "5.95"]
[White "Senkevich, Konstantin"]
[Black "Popov, Alexei"]
[Result "1-0"]
[WhiteElo "2039"]
[BlackElo "1858"]
[WhiteFideId "4192389"]
[BlackFideId "24195898"]
[EventDate "2013.10.05"]

1. e4 e5 2. Nf3 Nc6 3. Bb5 a6 4. Ba4 d6 5. O-O f5 6. exf5 Bxf5 7. d4 b5 8. Bb3
Bg4 9. h3 Bh5 10. Nxe5 Bxd1 11. Bf7+ Ke7 12. Nxc6+ Kxf7 13. Nxd8+ Rxd8 14. Rxd1
d5 15. Bf4 Bd6 16. Bxd6 Rxd6 17. Nd2 Nf6 18. Nf3 Nd7 19. Re1 h6 20. Re2 Re8 21.
Rae1 Rxe2 22. Rxe2 a5 23. Ne5+ Nxe5 24. dxe5 Rb6 25. f4 Ke6 26. g4 g6 27. Kf2 c5
28. h4 Ke7 29. f5 a4 30. e6 Rb8 31. Kf3 Rf8 32. Re5 h5 33. Rxd5 hxg4+ 34. Kxg4
gxf5+ 35. Rxf5 Rg8+ 36. Rg5 Rc8 37. Re5 b4 38. Kf4 Rf8+ 39. Rf5 Rh8 40. h5 c4
41. Ke5 Rh7 42. Kd4 b3 43. cxb3 cxb3 44. axb3 Kxe6 45. Re5+ Kd6 46. bxa4 Rg7 47.
h6 Rg2 48. Rh5 Rg4+ 49. Kc3 Rg8 50. h7 Rh8 51. b4 Kc6 52. b5+ Kb6 53. Rh6+ Kc5
54. b6 Rg8 55. hxg8=R 1-0

[Event "Chigorin Memorial"]
[Site "St Petersburg RUS"]
[Date "2013.10.09"]
[Round "5.96"]
[White "Krasovskiy, Sviatoslav"]
[Black "Zhivotovskaya, Asya"]
[Result "1-0"]
[WhiteElo "2031"]
[BlackElo "1755"]
[WhiteFideId "24145696"]
[BlackFideId "24166014"]
[EventDate "2013.10.05"]

1. c4 Nf6 2. Nc3 g6 3. g3 Bg7 4. Bg2 O-O 5. Nf3 d6 6. O-O Nc6 7. Rb1 a5 8. a3 e5
9. b4 axb4 10. axb4 Be6 11. d3 h6 12. b5 Ne7 13. Bb2 Qd7 14. Ra1 Rxa1 15. Qxa1
Bh3 16. Bxh3 Qxh3 17. Qa7 Qc8 18. c5 Nh5 19. cxd6 cxd6 20. Rc1 Qd7 21. Ba3 Rc8
22. Qb6 d5 23. Na2 Rxc1+ 24. Nxc1 e4 25. Nd2 Bc3 26. Ndb3 Nc8 27. Qe3 exd3 28.
Qxd3 Bg7 29. Nc5 Qc7 30. Qxd5 Bf8 31. N1d3 Qa5 32. Ne5 Nd6 33. Nxb7 Qxa3 34.
Nxd6 Qa7 35. Ndxf7 Kg7 36. Qc6 Nf6 37. b6 1-0